- Tiles
Entry Topical Term
001 - CONTROL NUMBER
- control field: 27157
003 - CONTROL NUMBER IDENTIFIER
- control field: TR-AnTOB
005 - DATE AND TIME OF LATEST TRANSACTION
- control field: 20220517164830.0
008 - FIXED-LENGTH DATA ELEMENTS
- fixed length control field: 860211i| azannbabn |b ana
010 ## - LIBRARY OF CONGRESS CONTROL NUMBER
- LC control number: sh 85135352
035 ## - SYSTEM CONTROL NUMBER
- System control number: (TR-AnTOB)27157
040 ## - CATALOGING SOURCE
- Original cataloging agency: DLC
- Transcribing agency: DLC
- Modifying agency: DLC
- Modifying agency: DHMM
- Modifying agency: TR-AnTOB
053 #0 - LC CLASSIFICATION NUMBER
- Classification number element--single number or beginning number of span: NA2980
- Classification number element--ending number of span: NA2985
- Explanatory term: Architectural details
053 #0 - LC CLASSIFICATION NUMBER
- Classification number element--single number or beginning number of span: NA3705
- Explanatory term: Decoration
053 #0 - LC CLASSIFICATION NUMBER
- Classification number element--single number or beginning number of span: NK4670
- Classification number element--ending number of span: NK4675
- Explanatory term: Art industries
053 #0 - LC CLASSIFICATION NUMBER
- Classification number element--single number or beginning number of span: TH8521
- Classification number element--ending number of span: TH8542
- Explanatory term: Building
053 #0 - LC CLASSIFICATION NUMBER
- Classification number element--single number or beginning number of span: TP837
- Classification number element--ending number of span: TP839
- Explanatory term: Technology
150 ## - HEADING--TOPICAL TERM
- Topical term or geographic name entry element: Tiles
450 ## - SEE FROM TRACING--TOPICAL TERM
- Topical term or geographic name entry element: Çiniler
550 ## - SEE ALSO FROM TRACING--TOPICAL TERM
- Control subfield: g
- Topical term or geographic name entry element: Building materials
670 ## - SOURCE DATA FOUND
- Source citation: Lavenberg, G.N. Ceramic tile manual, 1986:
- Information found: p. 3 ("By common practice and legal definition "tile" used as a single word means "ceramic" tile")
670 ## - SOURCE DATA FOUND
- Source citation: Web. 3.
670 ## - SOURCE DATA FOUND
- Source citation: Random House.
681 ## - SUBJECT EXAMPLE TRACING NOTE
- Explanatory text: Note under
- Subject heading or subdivision term: Ceramics
688 ## - APPLICATION HISTORY NOTE
- Institution to which field applies: TR-AnTOB
- Application history note: Op 17.05.2022
750 ## - ESTABLISHED HEADING LINKING ENTRY--TOPICAL TERM
- Authority record control number or standard number: https://lccn.loc.gov/sh85135352
- Source of heading or term: lcsh
750 ## - ESTABLISHED HEADING LINKING ENTRY--TOPICAL TERM
- Authority record control number or standard number: (TR-AnTOB)27156
- Source of heading or term: etuturkob



